[Event "8th Amplico AIG Life Rapid"]
[Site "Warsaw POL"]
[Date "2008.12.20"]
[Round "7"]
[White "Markowski,T"]
[Black "Nikolajev,D"]
[Result "1/2-1/2"]
[WhiteElo "2605"]
[BlackElo "2329"]

1.g3 d5 2.Nf3 Nc6 3.d4 Bg4 4.Bg2 Qd7 5.O-O Nf6 6.Ne5 Qe6 7.Nxg4 Qxg4 8.e3 Qxd1
9.Rxd1 e6 10.a3 Bd6 11.b3 Ne7 12.c4 c6 13.Nc3 a6 14.a4 Kd7 15.Bb2 Rhd8 16.Ne2 Ke8
17.Nc1 b5 18.c5 Bc7 19.Nd3 bxa4 20.Rxa4 a5 21.Bc3 Rab8 22.Rb1 Rb5 23.Bf1 Rdb8
24.Nc1 Ne4 25.Be1 e5 26.Bxb5 cxb5 27.Ra2 exd4 28.exd4 Nc6 29.Ne2 b4 30.f3 Ng5
31.Kg2 Kd7 32.Bf2 g6 33.Rd1 Re8 34.Rd3 Ne6 35.h3 f5 36.Rad2 Na7 37.Ra2 Nc6
38.Bg1 Na7 39.Bh2 Nc6 40.g4 f4 41.Bg1 Na7 42.Bf2 Nc6 43.h4 h5 44.Rd1 Rf8
45.gxh5 gxh5 46.Rg1 Ke7 47.Kf1 Kf7 48.Ke1 Bd8 49.Kd2 Bf6 50.Kd3 Re8 51.Rc2 Rf8
52.Ra2 Re8 53.Rga1 Bd8 54.Rg1 Bf6 55.Rg2 Rf8 56.Rc2 Re8 57.Rc1 Ra8 58.Rgg1 Re8
59.Rc2 Ra8 60.Ra2 Re8 61.Rc2 Ra8 62.Ra2 Re8  1/2-1/2

[Event "8th Amplico AIG Life Rapid"]
[Site "Warsaw POL"]
[Date "2008.12.20"]
[Round "8"]
[White "Skalski,M"]
[Black "Mastrovasilis,D"]
[Result "0-1"]
[WhiteElo "2448"]
[BlackElo "2572"]

1.Nf3 d5 2.g3 Nf6 3.Bg2 c6 4.O-O Bg4 5.d3 Nbd7 6.Nbd2 e5 7.h3 Bh5 8.e4 dxe4
9.dxe4 Qc7 10.Qe2 Nc5 11.b3 Nfd7 12.Bb2 Be7 13.a4 O-O 14.Nc4 f6 15.Rfd1 Rfd8
16.h4 Nf8 17.a5 Rxd1+ 18.Rxd1 Rd8 19.Rxd8 Qxd8 20.Qe1 Nfe6 21.Bc3 b5 22.axb6 axb6
23.Ncd2 Qa8 24.Qa1 Qxa1+ 25.Bxa1 b5 26.Bb2 Na6 27.Ne1 Kf8 28.Bf1 Bc5 29.c3 Bb6
30.b4 Ke8 31.Bd3 Nec7 32.Kf1 c5 33.bxc5 Nxc5 34.Be2 Bf7 35.Ba3 Na4 36.Bb4 Kd7
37.Nc2 Kc6 38.Na3 Bc5 39.Nc2 Kb6 40.Bd3 Na6 41.Ke2 Bxb4 42.cxb4 Nc3+ 43.Ke3 Na2
44.Na3 Be8 45.f4 N2xb4 46.fxe5 fxe5 47.Nf3 Nxd3 48.Kxd3 Nb4+ 49.Kc3 Nc6 50.Nc2 Kc5
51.Ng5 b4+ 52.Kd3 b3 53.Ne3 Kb4 54.Nc4 Nd4 55.Nd2 h6 56.Ngf3 Bb5+ 57.Ke3 Nxf3
58.Nxf3 Kc3  0-1

[Event "TCh-HUN 2008-9"]
[Site "Budapest HUN"]
[Date "2008.12.21"]
[Round "4"]
[White "Berczes,C"]
[Black "Bobras,P"]
[Result "0-1"]
[WhiteElo "2399"]
[BlackElo "2565"]

1.Nf3 d5 2.g3 c6 3.Bg2 Nf6 4.O-O Bg4 5.d3 Nbd7 6.c4 e6 7.cxd5 exd5 8.Qc2 Be7
9.Nc3 Nc5 10.Ne5 Bh5 11.f4 Nfd7 12.d4 Nxe5 13.dxe5 d4 14.Ne4 d3 15.exd3 Qxd3
16.Rf2 Qd4 17.Bd2 Nxe4 18.Bxe4 Bc5 19.Be1 O-O-O 20.Kg2 Kb8 21.Rc1 Bd1 22.Qb1 h5
23.Rf1 Be2 24.Rf2 Bc4 25.Qc2 Bd5 26.Bxd5 Rxd5 27.Rf1 Bb6 28.Bc3 Qc5 29.e6 Qe7
30.Bxg7 Rhd8 31.Bc3 Qxe6 32.Rce1 Qd7 33.Qe4 h4 34.f5 hxg3 35.hxg3 Rd3 36.Rf3 Rxf3
37.Qxf3 Bc7 38.Be5 Bxe5 39.Rxe5 Qd4 40.Re2 a5 41.a3 a4 42.Qf2 Qc4 43.Qe3 Rd5
44.Rf2 Rb5 45.Kh3 Qd5 46.Qf4+ Kc8 47.Kh2 Rc5 48.g4 Rc4 49.Qg3 Rc1 50.Kh3 Rh1+
51.Rh2 Rd1 52.Kh4 f6 53.Qe3 Qd8 54.Kh5 Rd7 55.Re2 Rh7+ 56.Kg6 Qg8+ 57.Kxf6 Qg7+  0-1

[Event "Open A"]
[Site "Groningen NED"]
[Date "2008.12.21"]
[Round "1"]
[White "Hoeksema,E"]
[Black "Heller,M"]
[Result "1-0"]
[WhiteElo "2323"]
[BlackElo "2024"]

1.Nf3 d5 2.g3 Bg4 3.Bg2 c6 4.O-O Nd7 5.d3 Ngf6 6.Nbd2 e5 7.e4 Bd6 8.h3 Bh5
9.Qe1 O-O 10.Nh4 dxe4 11.dxe4 Bc5 12.a4 a5 13.Nc4 Qc7 14.Bd2 b6 15.Kh1 Ne8
16.g4 Bg6 17.f4 exf4 18.Bxf4 Qb7 19.Rd1 Ndf6 20.Nf5 Qa6 21.Ne5 Rc8 22.c3 Bxf5
23.exf5 b5 24.Qe2 Qb7 25.axb5 Qxb5 26.Qxb5 cxb5 27.g5 Nh5 28.Nd7 Nxf4 29.Rxf4 Be3
30.Rg4 h5 31.gxh6 Bxh6 32.Rgd4 Nc7 33.Nxf8 Kxf8 34.Bc6 Bg5 35.Rd7 Ne8 36.Bxb5  1-0

[Event "TCh-HUN 2008-9"]
[Site "Paks HUN"]
[Date "2008.12.21"]
[Round "4"]
[White "Berkes,F"]
[Black "Khenkin,I"]
[Result "1/2-1/2"]
[WhiteElo "2645"]
[BlackElo "2647"]

1.Nf3 d5 2.g3 c5 3.Bg2 Nc6 4.d4 Nf6 5.O-O e6 6.b3 cxd4 7.Nxd4 Bc5 8.Nxc6 bxc6
9.c4 O-O 10.Qc2 Qe7 11.Nc3 Ba6 12.Bb2 Ba3 13.Bxa3 Qxa3 14.Nb1 Qe7 15.Nd2 e5
16.e3 e4 17.Qc3  1/2-1/2

[Event "8th Amplico AIG Life Rapid Playoff"]
[Site "Warsaw POL"]
[Date "2008.12.21"]
[Round "1"]
[White "Popov,Val"]
[Black "Lenic,L"]
[Result "0-1"]
[WhiteElo "2542"]
[BlackElo "2569"]

1.Nf3 d5 2.g3 c5 3.Bg2 Nc6 4.O-O e6 5.d3 Nf6 6.Nbd2 g6 7.e4 Bg7 8.Re1 O-O
9.Qe2 b6 10.Nf1 h6 11.h4 e5 12.exd5 Nxd5 13.c3 Re8 14.Qc2 Bf5 15.N3d2 Qd7
16.Ne4 Rad8 17.a3 Kh7 18.b4 cxb4 19.axb4 Nde7 20.Rd1 Bg4 21.f3 Be6 22.b5 Na5
23.c4 Rc8 24.Bd2 f5 25.Bxa5 bxa5 26.Nf2 Qxb5 27.Qa2 Qb6 28.Qxa5 e4 29.fxe4 Bxa1
30.Rxa1 Qxa5 31.Rxa5 Rc7 32.Ne3 fxe4 33.Nxe4 Rd8 34.Ra3 Kg7 35.c5 Nf5 36.Nc4 Bxc4
37.dxc4 Rd1+ 38.Kf2 Rc1 39.Ra4 Rc2+ 40.Kg1 Ne3 41.Bh3 Rxc4 42.Rxc4 Nxc4 43.Kf2 a5
44.Be6 Ne5 45.Ke3 a4 46.Kd4 Nd7 47.Kd5 Nxc5 48.Nxc5 a3 49.Kd4 Rc6 50.Ba2 Rd6+
51.Kc3 Rd1 52.Ne4 Re1 53.Kd3 Ra1 54.Nc3 Rg1 55.Ne4 Ra1 56.Nc3 Rg1 57.Ne2 Ra1  0-1

[Event "8th Amplico AIG Life Rapid"]
[Site "Warsaw POL"]
[Date "2008.12.21"]
[Round "10"]
[White "Urban,K"]
[Black "Sumets,A"]
[Result "0-1"]
[WhiteElo "2473"]
[BlackElo "2545"]

1.Nf3 d5 2.g3 Nf6 3.Bg2 c6 4.O-O Bf5 5.c4 e6 6.cxd5 cxd5 7.Qb3 Qc8 8.Nc3 Nc6
9.d3 Be7 10.Bf4 O-O 11.Rac1 Qd7 12.Ne5 Nxe5 13.Bxe5 Rfc8 14.e4 dxe4 15.dxe4 Bg6
16.Rfd1 Qe8 17.Qxb7 Ng4 18.Bd6 Bxd6 19.Rxd6 Rab8 20.Qd7 Qxd7 21.Rxd7 Rxb2
22.Nd1 Rbb8 23.Rxc8+ Rxc8 24.Rxa7 h5 25.h3 Rc1 26.Rd7 Ne5 27.Rd2 Nc4 28.Rd8+ Kh7
29.Kh2 e5 30.Bf3 f6 31.Rc8 Rc2 32.Rc7 Be8 33.h4 Kg6 34.g4 hxg4 35.Bxg4 Bb5
36.Kg3 Rxa2 37.Bf5+ Kh6 38.Rc8 g6 39.Be6 Ra3+ 40.f3 Nd2 41.Nf2 Rxf3+ 42.Kg2 Bf1+
43.Kg1 Rg3+ 44.Kh1 Be2 45.Bh3 Nxe4 46.Nxe4 Rxh3+ 47.Kg2 Rxh4 48.Nxf6 Rf4
49.Nd7 Bg4 50.Rh8+ Kg7 51.Rd8 Rd4 52.Nxe5 Rxd8 53.Nxg4 Rd3 54.Nf2 Ra3 55.Ng4 Kf7
56.Kf2 Ke6 57.Kg2 Kf5 58.Nf2 g5 59.Nh3 Kg4 60.Nf2+ Kh4 61.Ne4 Ra2+ 62.Kf3 g4+
63.Kf4 Ra4 64.Ke3 Rxe4+ 65.Kxe4 g3  0-1

[Event "8th Amplico AIG Life Rapid"]
[Site "Warsaw POL"]
[Date "2008.12.21"]
[Round "13"]
[White "Zickus,S"]
[Black "Sanz Alonso,F"]
[Result "1/2-1/2"]
[WhiteElo "2315"]
[BlackElo "2410"]

1.Nf3 d5 2.g3 g6 3.Bg2 Bg7 4.d4 Nf6 5.O-O O-O 6.c4 c6 7.cxd5 cxd5 8.Nc3 Nc6
9.Ne5 Nxe5 10.dxe5 Ng4 11.Qxd5 Nxe5 12.Bg5 Qb6 13.Bxe7 Re8 14.Qc5 Be6 15.Nd5 Bxd5
16.Bxd5 Rac8 17.Qxb6 axb6 18.Ba3 Nc4 19.Bxc4 Rxc4 20.Rac1 b5 21.b3 Rd4 22.Rc2 Red8
23.Rfc1 h5 24.Bb2 R4d5 25.Bxg7 Kxg7 26.Kg2 h4 27.e3 hxg3 28.hxg3 Rd2 29.Kf3 Kf6
30.Rxd2 Rxd2 31.Rc7 g5 32.Rxb7 g4+ 33.Kxg4 Rxf2 34.Rxb5 Rxa2 35.Kf4 Rf2+
36.Ke4 Rg2 37.Kf3 Rb2 38.b4 Kg6 39.g4 f6 40.Rb8 Rb1 41.b5 Kg7 42.b6 Rf1+
43.Ke4 Rg1 44.Kf5 Rf1+ 45.Ke6 Re1 46.Rb7+ Kg6 47.Re7 Rxe3+ 48.Kd6 Rd3+ 49.Kc7 Rc3+
50.Kd8 Rb3 51.Kc7 Rc3+ 52.Kd8 Rb3 53.b7 Kg5 54.Rg7+ Kh6 55.Rf7 Kg6 56.Re7 Kg5
57.Kc7 Rc3+ 58.Kd8 Rb3 59.Kc8 Kxg4 60.b8=Q Rxb8+ 61.Kxb8 f5 62.Kc7 f4 63.Rf7 f3
64.Kd6 Kg3 65.Ke5 f2 66.Rg7+ Kf3 67.Rf7+ Ke2 68.Rxf2+  1/2-1/2

[Event "Open A"]
[Site "Groningen NED"]
[Date "2008.12.24"]
[Round "4"]
[White "Bojkov,D"]
[Black "Hoeksema,E"]
[Result "1-0"]
[WhiteElo "2472"]
[BlackElo "2323"]

1.Nf3 d5 2.g3 c6 3.Bg2 Bg4 4.Ne5 Bf5 5.c4 e6 6.cxd5 exd5 7.O-O Nd7 8.d4 Bd6
9.Bf4 Qe7 10.Qb3 Rb8 11.Nc3 Ngf6 12.e4 dxe4 13.Nxf7 Bxf4 14.Nxh8 Bd2 15.Qc2 Bxc3
16.bxc3 Qe6 17.Rae1 Kf8 18.g4 Bxg4 19.f3 Bh5 20.fxe4 Kg8 21.e5 Nd5 22.c4 Ne7
23.d5 cxd5 24.cxd5 Nxd5 25.Qf5 Bg4 26.Qf7+ Kxh8 27.Bxd5  1-0

[Event "10th Mirko Srajber Mem"]
[Site "Subotica SRB"]
[Date "2008.12.25"]
[Round "9"]
[White "Skoberne,J"]
[Black "Sedlak,N"]
[Result "0-1"]
[WhiteElo "2501"]
[BlackElo "2553"]

1.Nf3 d5 2.g3 c6 3.Bg2 Bg4 4.O-O Nd7 5.d4 e6 6.Nbd2 Ngf6 7.Re1 Be7 8.c3 O-O
9.Qb3 Qb6 10.e4 Bh5 11.exd5 cxd5 12.a4 Qxb3 13.Nxb3 a5 14.Bf4 Rfc8 15.Nfd2 Nb6
16.Bf1 Ra7 17.Rec1 h6 18.h3 g5 19.Be3 Bg6 20.Nc5 Nbd7 21.b4 b6 22.Na6 Ne4
23.Nxe4 Bxe4 24.b5 Bf3 25.c4 dxc4 26.Bxc4 Raa8 27.Bb3 Bd6 28.d5 exd5 29.Rc6 Rxc6
30.bxc6 Nc5 31.Bxc5 bxc5 32.c7 c4 33.Bd1 Be4  0-1

[Event "Czech Christmas"]
[Site "Litomysl CZE"]
[Date "2008.12.27"]
[Round "2"]
[White "Kulhanek,T"]
[Black "Macicek,Jak"]
[Result "1-0"]
[WhiteElo "2409"]
[BlackElo "2183"]

1.Nf3 d5 2.g3 Nf6 3.Bg2 e6 4.O-O Be7 5.d3 O-O 6.Nbd2 b6 7.e4 Bb7 8.e5 Nfd7
9.Re1 c5 10.h4 Nc6 11.Nf1 Re8 12.N1h2 Nf8 13.Ng4 f5 14.exf6 Bxf6 15.Nfe5 Nxe5
16.Nxe5 Bxe5 17.Rxe5 Nd7 18.Bg5 Qc7 19.Re1 e5 20.Qg4 Qd6 21.h5 Nf6 22.Qh4 h6
23.Bd2 Re7 24.Re2 Rae8 25.Rae1 Bc8 26.f3 Bb7 27.c3 Ba6 28.c4 d4 29.g4 Nh7
30.f4 Nf6 31.g5 hxg5 32.fxg5 Nh7 33.Bd5+ Kh8 34.g6 Nf8 35.h6 Qxg6+ 36.Rg2 Qh7
37.Be4  1-0

[Event "5th Open"]
[Site "Vandoeuvre les Nancy FRA"]
[Date "2008.12.28"]
[Round "5"]
[White "Haub,TM"]
[Black "Bauer,Ch"]
[Result "0-1"]
[WhiteElo "2454"]
[BlackElo "2592"]

1.Nf3 d5 2.g3 c6 3.Bg2 Nf6 4.d3 Bf5 5.Nbd2 h6 6.c4 e6 7.a3 Nbd7 8.O-O Bh7
9.Qc2 a5 10.b3 Bd6 11.Bb2 O-O 12.e4 e5 13.Nh4 Rc8 14.Bh3 Re8 15.Kh1 Bf8 16.Rae1 b5
17.f4 bxc4 18.bxc4 dxe4 19.dxe4 Rb8 20.Bf5 Qb6 21.Bxe5 Nxe5 22.fxe5 Rxe5
23.Ndf3 Bxf5 24.Nxe5 Bh3 25.Nxf7 Bxf1 26.Rxf1 Qd4 27.e5 Qe4+ 28.Qxe4 Nxe4
29.e6 Re8 30.Ne5 Rxe6 31.Nd3 Rd6 32.Ne5 Re6 33.Nd3 Nd2 34.Rd1 Nxc4 35.Nf4 Rd6
36.Rc1 Ne5 37.Nf5 Rd2 38.Rc3 g6 39.Ne3 Bg7 40.Nc4 Rd1+ 41.Kg2 Ng4 42.Rb3 Rd4
43.Nxa5 Rd2+ 44.Kf3 Nxh2+ 45.Ke3 Rd6 46.Rd3 Ng4+ 47.Ke2 Rf6 48.Rd8+ Bf8 49.Rc8 g5
50.Nd3 Re6+ 51.Kd2 Nf6 52.Rxc6 Rxc6 53.Nxc6 Bxa3 54.Ke3 Bd6 55.Kf3 g4+ 56.Kg2 Kf7
57.Nd4 h5 58.Nf5 Bc7 59.Nc5 Bb6 60.Nd3 Nd5 61.Nf4 Nxf4+ 62.gxf4 Kf6 63.Nh4 Ba5
64.Kh2 Be1 65.Ng2 Bf2 66.Kh1 Kf5 67.Kh2 h4  0-1

[Event "35th Eastern Open"]
[Site "Washington DC USA"]
[Date "2008.12.28"]
[Round "4"]
[White "Yermolinsky,A"]
[Black "Robson,R"]
[Result "1/2-1/2"]
[WhiteElo "2537"]
[BlackElo "2466"]

1.Nf3 d5 2.g3 Nf6 3.Bg2 c6 4.O-O Bg4 5.c4 Nbd7 6.cxd5 cxd5 7.Nc3 e6 8.Qb3 Nc5
9.Qb5+ Nfd7 10.d4 a6 11.Qb4 Ne4 12.Qxb7 Qc8 13.Qxc8+ Rxc8 14.Nxe4 dxe4 15.Ng5 Bxe2
16.Re1 Bd3 17.Nxe4 Bb4 18.Re3 Bc2 19.a3 Be7 20.b4 Bxe4 21.Bxe4 Rc7 22.Rb3 O-O
23.Bf4 Rc4 24.Be3 Rb8 25.Bd3 Rc6 26.Rc1 Rxc1+ 27.Bxc1 a5 28.b5 Rc8 29.Bd2 a4
30.Rb1 Bxa3 31.Ra1 Bb2 32.Rxa4 Nb6 33.Rb4 Bc3 34.Bxc3 Rxc3 35.Be4 Kf8 36.Bc6 Ke7
37.Rb1 Rc4 38.Ra1 Na4 39.d5 e5 40.Rb1 Nb6 41.Ra1 Ra4 42.Rxa4 Nxa4 43.Kg2 Kd6
44.Kf3 g6 45.Ke3 f5 46.f4 e4 47.Kd4 Nb6 48.h3 Na4 49.g4 Nb6 50.gxf5 gxf5
51.h4 h5 52.Be8 Nxd5 53.Bxh5 Nxf4 54.Be8 Ne6+ 55.Kc3 Nc7 56.Bc6 Nxb5+ 57.Bxb5 Ke5  1/2-1/2

[Event "18th North American Open"]
[Site "Las Vegas USA"]
[Date "2008.12.29"]
[Round "6"]
[White "Izoria,Z"]
[Black "Shankland,S"]
[Result "1-0"]
[WhiteElo "2610"]
[BlackElo "2436"]

1.Nf3 d5 2.g3 Nc6 3.d4 Bg4 4.Bg2 Qd7 5.c4 e6 6.O-O O-O-O 7.cxd5 exd5 8.Nc3 f6
9.Qa4 Nge7 10.b4 a6 11.b5 Nb8 12.Qb3 g5 13.bxa6 Nxa6 14.Rb1 b6 15.Bd2 Nc6
16.Nb5 Bb4 17.Qa4 Kb7 18.Bxb4 Naxb4 19.Rxb4 Ra8 20.Qb3 Nxb4 21.Qxb4 Ra5 22.a4 Rha8
23.Nc3 Bh3 24.Bxh3 Qxh3 25.Qe7  1-0

[Event "38th Rilton Cup 2008-9"]
[Site "Stockholm SWE"]
[Date "2008.12.29"]
[Round "3"]
[White "Guenther,O"]
[Black "Klovans,J"]
[Result "1/2-1/2"]
[WhiteElo "1978"]
[BlackElo "2411"]

1.Nf3 d5 2.g3 Nf6 3.Bg2 e6 4.c4 dxc4 5.Qa4+ Nbd7 6.Qxc4 c5 7.O-O b6 8.Nd4 Ne5
9.Nc6 Nxc4 10.Nxd8 Nd5 11.Nc3 Kxd8 12.Nxd5 Bb7 13.Nc3 Bxg2 14.Kxg2 Kc8 15.d3 Nd6
16.g4 Kb7 17.Bf4 Be7 18.Rad1 Rhd8 19.h3 Rac8 20.b3 Bf6 21.Bxd6 Bxc3 22.Bf4 Rd5
23.Rc1 Bf6 24.Rc2 Rcd8 25.Rfc1 R8d7 26.Rc4 Bg5 27.Bxg5 Rxg5 28.f4 Rgd5 29.Kf3 h6
30.R4c2 Rd4 31.Rc4 R4d5  1/2-1/2

[Event "1st Asian Clubs"]
[Site "Al Ain UAE"]
[Date "2008.12.30"]
[Round "6"]
[White "AlHuwar,J"]
[Black "Amanov,M"]
[Result "0-1"]
[WhiteElo "2230"]
[BlackElo "2357"]

1.Nf3 d5 2.g3 Nf6 3.Bg2 Nc6 4.d4 Bf5 5.O-O e6 6.c4 Be7 7.Ne5 Nxe5 8.dxe5 Ne4
9.g4 Bg6 10.cxd5 exd5 11.Qb3 h5 12.Qxb7 hxg4 13.Qc6+ Kf8 14.Nc3 Nxc3 15.bxc3 Qe8
16.Bxd5 Qxc6 17.Bxc6 Rd8 18.Bf4 Bf5 19.Rfd1 Rxd1+ 20.Rxd1 g5 21.Be3 Rh6 22.Bd5 c5
23.Bb3 a5 24.Kg2 Ra6 25.Kg3 a4 26.Bc4 Rb6 27.Bd3 Be6 28.Rb1 Rxb1 29.Bxb1 Kg7
30.Bc2 f5 31.exf6+ Kxf6 32.Bxa4 Bd6+ 33.Kg2 Bxa2 34.Bd7 Bd5+ 35.Kg1 Be7 36.Bxg4 Ke5
37.Kf1 Bf7 38.Ke1 Kd5 39.Kd2 Kc4 40.Kc2 Bf6 41.Bd2 Bg6+ 42.Kb2 Kd5 43.Bf3+ Kc4
44.Bb7 Kb5  0-1

[Event "Masters"]
[Site "Hastings ENG"]
[Date "2008.12.30"]
[Round "3"]
[White "Jones,G"]
[Black "Gordon,S"]
[Result "1-0"]
[WhiteElo "2548"]
[BlackElo "2521"]

1.Nf3 d5 2.g3 Nf6 3.Bg2 e6 4.O-O Be7 5.c4 O-O 6.b3 b6 7.cxd5 exd5 8.Ne5 Bb7
9.Nc3 Re8 10.d4 Na6 11.Bg5 c5 12.e3 Ne4 13.Bxe7 Qxe7 14.Rc1 cxd4 15.exd4 Rac8
16.Nb5 Rxc1 17.Qxc1 Nb4 18.a3 Ba6 19.Nc7 Bxf1 20.Nxe8 Qxe8 21.Bxf1 f6 22.Bb5 Qd8
23.axb4 fxe5 24.dxe5 d4 25.Bd3 Nc3 26.Qf4 Qd5 27.e6  1-0

[Event "46th ch-IND National A"]
[Site "Mangalore IND"]
[Date "2008.12.30"]
[Round "13"]
[White "Deepan,C"]
[Black "Negi,P"]
[Result "1/2-1/2"]
[WhiteElo "2464"]
[BlackElo "2597"]

1.Nf3 d5 2.g3 g6 3.Bg2 Bg7 4.O-O e5 5.d3 Ne7 6.c4 c6 7.Nbd2 O-O 8.Rb1 h6
9.b4 Be6 10.Bb2 Nd7 11.a4 g5 12.b5 Ng6 13.Ba3 Re8 14.Ne1 f5 15.Nc2 e4 16.bxc6 bxc6
17.cxd5 cxd5 18.Nb3 Rc8 19.Ncd4 Qf6 20.dxe4 dxe4 21.Nxe6 Qxe6 22.Nd4 Bxd4
23.Qxd4 a6 24.Rfd1 Nge5 25.g4 Rc4 26.gxf5 Qxf5 27.Qd5+ Qf7 28.Qxf7+ Kxf7
29.Rb7 Kg6 30.Rb4 Rxb4 31.Bxb4 Kf5 32.h3 Nf6 33.a5 Re6 34.Bf1 e3 35.Bg2 Nc6
36.Bc3 exf2+ 37.Kf1 Ne4 38.Rd5+ Kf4 39.Bxe4 Kxe4 40.Rc5 Ke3 41.Bb2 Rd6 42.Rc3+ Kd2
43.Rc5 Ke3 44.Rc3+ Kd2 45.Rc4 Re6 46.h4 Na7 47.hxg5 hxg5 48.Bc1+ Kd1 49.Bxg5 Rc6
50.Rd4+ Kc2 51.Rd7 Nb5 52.Kxf2 Nd6 53.Bf4 Nc4 54.Rc7 Nxa5 55.Rxc6+  1/2-1/2

[Event "5th Open"]
[Site "Vandoeuvre les Nancy FRA"]
[Date "2008.12.30"]
[Round "9"]
[White "Haub,TM"]
[Black "Gozzoli,Y"]
[Result "1/2-1/2"]
[WhiteElo "2454"]
[BlackElo "2503"]

1.Nf3 d5 2.g3 g6 3.Bg2 Bg7 4.d3 e5 5.O-O Ne7 6.Nbd2 O-O 7.e4 Nbc6 8.c3 a5
9.a4 h6 10.exd5 Nxd5 11.Re1 Re8 12.Nc4 Bf5 13.h3 g5 14.g4 Bg6 15.Nh2 Qd7
16.Be4 Rad8 17.Qb3 f5 18.gxf5 Bxf5 19.Ne3 Be6 20.Nxd5 Bxd5 21.Qb5 Bxe4 22.dxe4 Qxh3
23.Qxb7 Rf8 24.Be3 Nd4 25.cxd4 exd4 26.Qxc7 dxe3 27.Rxe3 Qh4 28.Qg3 Qxg3+
29.Rxg3 Rd2 30.Rf3 Bd4 31.Rxf8+ Kxf8 32.Nf3 Bxf2+ 33.Kg2 Rxb2 34.Rf1 Be3+
35.Kg3 Ke7 36.Kg4 Rb4 37.Kf5 g4 38.Nh4 g3 39.Kg4 Rxe4+ 40.Kxg3 Bg5 41.Ng6+ Kd6
42.Rd1+ Kc5 43.Nf8 Rxa4 44.Ne6+ Kc6 45.Nd4+ Kb6 46.Kf3 Rb4 47.Nc2 Rf4+ 48.Ke2 a4
49.Rd5 Rg4 50.Kd3 h5 51.Nd4 h4 52.Rb5+ Ka6 53.Rb4 Bf6 54.Rxa4+ Kb6 55.Rb4+ Ka6
56.Ra4+ Kb7 57.Rb4+ Kc8 58.Rc4+ Kd7 59.Nf3 Rxc4 60.Kxc4 h3 61.Kd3 Ke8 62.Ke3 Bh4
63.Kf4  1/2-1/2

[Event "38th Rilton Cup 2008-9"]
[Site "Stockholm SWE"]
[Date "2008.12.31"]
[Round "5"]
[White "Berczes,D"]
[Black "Gagarin,V"]
[Result "1-0"]
[WhiteElo "2514"]
[BlackElo "2390"]

1.Nf3 d5 2.g3 Bg4 3.Bg2 Nd7 4.c4 e6 5.cxd5 exd5 6.h3 Bxf3 7.Bxf3 Ngf6 8.O-O Be7
9.d3 O-O 10.Nc3 c6 11.e4 Ne5 12.Be2 d4 13.Nb1 c5 14.f4 Nc6 15.Bf3 Qd7 16.Kh2 Rfd8
17.a4 Nb4 18.Na3 Rab8 19.Nc4 b6 20.f5 a6 21.e5 Nfd5 22.f6 Bf8 23.fxg7 Bxg7
24.Be4 Ne3 25.Bxe3 dxe3 26.Qh5 h6 27.Nd6 Rf8 28.Rf6 Rbe8 29.Re1 Re6 30.Nf5 Rxe5
31.Nxh6+ Bxh6 32.Qxh6 Rxe4 33.Qg5+  1-0

[Event "Open A"]
[Site "Gjovik NOR"]
[Date "2009.01.01"]
[Round "4"]
[White "Sofrigin,A"]
[Black "Hagen,Ande"]
[Result "0-1"]
[WhiteElo "2252"]
[BlackElo "2110"]

1.Nf3 d5 2.g3 Nf6 3.Bg2 c6 4.O-O Bg4 5.d4 e6 6.Nbd2 Nbd7 7.Re1 Be7 8.e4 O-O
9.c3 Qc7 10.e5 Ne8 11.Nf1 c5 12.Ne3 Bh5 13.Bh3 Rc8 14.Bg4 Bg6 15.Nd2 cxd4
16.cxd4 Qb6 17.Nxd5 exd5 18.Bxd7 Rc7 19.Qa4 f6 20.Nf1 Rc4 21.Qb5 Qxb5 22.Bxb5 Rxd4
23.Bd2 fxe5 24.Rxe5 Bf6 25.Re3 Nd6 26.Be2 Nc4 27.Bxc4 Rxc4 28.Rb3 Rc2 29.Rxb7 Bxb2
30.Rd1 Bh5 31.Rb1 Bd4 32.Be3 Bxe3 33.Nxe3 Rxa2 34.Rd7 Raxf2 35.Rbb7 R2f7
36.Rxa7 d4 37.Rxf7 Bxf7 38.Nf5 d3 39.Rd7 Be6 40.Ne7+ Kf7 41.Rxd3 Kxe7 42.Ra3 Bh3
43.Ra1 Kf6 44.Ra6+ Kg5 45.Ra5+ Rf5 46.Ra1 Rb5 47.Rc1 Rb2 48.Rc5+ Bf5 49.Ra5 g6
50.Ra4 Be6 51.Ra5+ Kg4 52.Ra4+ Kf5 53.Ra3 Rb3 54.Ra1 Bc4 55.Rc1 Bd3  0-1

[Event "Masters"]
[Site "Hastings ENG"]
[Date "2009.01.01"]
[Round "5"]
[White "Eggleston,D"]
[Black "Gordon,S"]
[Result "0-1"]
[WhiteElo "2368"]
[BlackElo "2521"]

1.Nf3 d5 2.g3 Nf6 3.d4 c5 4.c3 cxd4 5.cxd4 Nc6 6.Bg2 Bf5 7.O-O e6 8.Nc3 h6
9.Qa4 Be7 10.Ne5 Qb6 11.Nxc6 bxc6 12.b3 O-O 13.Rd1 a5 14.Ba3 Bb4 15.Rac1 Qb7
16.e4 dxe4 17.h3 Rfc8 18.Nb1 Nd5 19.Rc4 Nb6 20.Rxb4 axb4 21.Qxb4 Qa7 22.Qe1 e3
23.Bc5 Qxa2 24.fxe3 Bxb1 25.Rxb1 Nd5 26.Be4 Rcb8 27.b4 Ra3 28.Bxd5 Qxd5 29.e4 Qc4
30.Rd1 Ra2 31.Rd2 Rba8 32.Rxa2 Rxa2 33.Qc1 Qxc1+  0-1

[Event "Open A"]
[Site "Gjovik NOR"]
[Date "2009.01.04"]
[Round "6"]
[White "Sofrigin,A"]
[Black "Savchenko,Yuri RUS"]
[Result "1-0"]
[WhiteElo "2252"]
[BlackElo "2094"]

1.Nf3 d5 2.g3 c5 3.Bg2 Nc6 4.d4 Nf6 5.O-O cxd4 6.Nxd4 e5 7.Nxc6 bxc6 8.c4 Bb7
9.cxd5 cxd5 10.Nc3 Be7 11.Qa4+ Qd7 12.Qxd7+ Kxd7 13.Bg5 Ne4 14.Bxe4 dxe4
15.Rfd1+ Ke6 16.Bxe7 Kxe7 17.Nd5+ Kf8 18.Rac1 Rd8 19.Ne3 Rxd1+ 20.Nxd1 h5
21.Rc7 Ba6 22.Rxa7 Rh6 23.Kf1 Rb6 24.a4 f5 25.b4 Bc4 26.b5 f4 27.Rc7 Be6
28.Nc3 e3 29.a5 Bh3+ 30.Ke1 Rf6 31.Ne4 fxg3 32.hxg3 exf2+ 33.Nxf2 Bg2 34.b6 g5
35.e4 Rf3 36.b7 Rb3 37.Rc8+  1-0

[Event "XX Open"]
[Site "Roquetas de Mar ESP"]
[Date "2009.01.04"]
[Round "4"]
[White "Camacho Collados,J"]
[Black "Suba,M"]
[Result "1/2-1/2"]
[WhiteElo "2359"]
[BlackElo "2542"]

1.Nf3 d5 2.g3 c6 3.Bg2 Bg4 4.c4 e6 5.cxd5 exd5 6.O-O Nd7 7.d3 Ngf6 8.Qc2 Be7
9.h3 Bxf3 10.Bxf3 O-O 11.Bg2 Re8 12.Nc3 a5 13.e4 dxe4 14.dxe4 Bc5 15.Kh2 Ne5
16.f4 Qd3 17.Qxd3 Nxd3 18.e5 Nd5 19.Nxd5 cxd5 20.Bxd5 Rad8 21.Bxb7 f6 22.Bc6 Re7
23.Rd1 fxe5 24.Be4 Red7 25.Rxd3 Rxd3 26.Bxd3 Rxd3 27.fxe5 Rd1 28.a3 a4 29.Kg2 Kf7
30.Kf3 Ke6 31.Ke2 Rg1 32.Kd3 Kd5 33.Kc2 Rxg3 34.Bd2 Bd4 35.Rd1 Rg2 36.b3 Bxe5
37.bxa4 Kc4 38.a5 Bd4 39.Re1 Rg3 40.Bb4 Rxh3 41.Re7 Rh6 42.Rc7+ Kb5 43.Kd3 Ba1
44.Rc1 Bb2 45.Rb1 Rh3+ 46.Ke4 Rb3 47.Bf8 g5 48.Bg7 Kxa5 49.Rxb2 Rxb2 50.Kf3  1/2-1/2

[Event "XX Open"]
[Site "Roquetas de Mar ESP"]
[Date "2009.01.04"]
[Round "4"]
[White "Vidarte Morales,A"]
[Black "Espinosa Aranda,A"]
[Result "1/2-1/2"]
[WhiteElo "2431"]
[BlackElo "2330"]

1.Nf3 d5 2.g3 g6 3.Bg2 Bg7 4.O-O e5 5.d3 Ne7 6.c3 O-O 7.Nbd2 c6 8.Qc2 h6
9.b3 Be6 10.Ba3 Re8 11.e4 Qc7 12.Rfe1 Nd7 13.Rac1 Rad8 14.d4 Nc8 15.Bb2 dxe4
16.Nxe5 Nxe5 17.dxe5 Qxe5 18.Bxe4 Bd5 19.Re3 Bxe4 20.Rxe4 Qc7 21.c4  1/2-1/2

[Event "38th Rilton Cup 2008-9"]
[Site "Stockholm SWE"]
[Date "2009.01.05"]
[Round "9"]
[White "Berczes,C"]
[Black "Kopasov,A"]
[Result "1-0"]
[WhiteElo "2399"]
[BlackElo "2109"]

1.Nf3 d5 2.g3 c5 3.Bg2 Nf6 4.O-O e6 5.c4 Nc6 6.d4 Be7 7.cxd5 exd5 8.b3 O-O
9.Bb2 Be6 10.Nc3 a6 11.Rc1 Rc8 12.Na4 c4 13.bxc4 dxc4 14.Nc3 Bb4 15.Re1 Bxc3
16.Bxc3 Bd5 17.Bh3 b5 18.Ne5 Rb8 19.Nxc6 Bxc6 20.Bb2 Qd5 21.f3 b4 22.e4 Qh5
23.Rxc4 Bxe4 24.fxe4 Qxh3 25.d5 Ng4 26.Qe2 b3 27.e5 h5 28.e6 fxe6 29.Rc7 e5
30.Bxe5 Nxe5 31.Qxe5 Qg4 32.axb3 Rxb3 33.d6 Rd3 34.Qe6+ Qxe6 35.Rxe6 Rd8
36.Rg6 R3xd6 37.Rgxg7+ Kh8 38.Rh7+ Kg8 39.Rcg7+ Kf8 40.Ra7 Kg8 41.Rxh5 Rb6
42.Rg5+ Kh8 43.Rh5+ Kg8 44.Kg2 Rb2+ 45.Kf3 Rb3+ 46.Kg4 Rb4+ 47.Kh3 Rb2 48.Rc5 Kf8
49.Rc3 a5 50.g4 a4 51.Rf3+ Kg8 52.Kg3 Rb4 53.Kh4 Rdb8 54.Ra3 Rb2 55.h3 R8b3
56.R7xa4  1-0

[Event "XX Open"]
[Site "Roquetas de Mar ESP"]
[Date "2009.01.06"]
[Round "8"]
[White "Camacho Collados,J"]
[Black "Campora,D"]
[Result "1/2-1/2"]
[WhiteElo "2359"]
[BlackElo "2522"]

1.Nf3 d5 2.g3 Bg4 3.Bg2 Nd7 4.c4 e6 5.cxd5 exd5 6.O-O Ngf6 7.d3 Bc5 8.Nc3 c6
9.e4 dxe4 10.dxe4 O-O 11.Bf4 Re8 12.Qc2 Bxf3 13.Bxf3 Ne5 14.Bg2 Qe7 15.Rad1 Rad8
16.h3 h6 17.Kh2 Rxd1 18.Qxd1 Rd8 19.Qe2 Nd3 20.Be3 Bxe3 21.Qxe3 Nxb2 22.Qxa7 Qb4
23.e5 Nd7 24.Qe3 Nc5 25.Ne4 Nxe4 26.Bxe4 Rd4 27.Bf5 Qd2 28.Qa3 Rd8 29.Qe7 Qg5
30.Qxb7 Qxf5 31.Qxb2 Rd5 32.Qb8+ Kh7 33.Qb1 Rxe5 34.a4 Kg6 35.Qb6 Rc5 36.a5 Rxa5
37.Qxc6+  1/2-1/2

[Event "Australian Open"]
[Site "Manly Sydney AUS"]
[Date "2009.01.08"]
[Round "8"]
[White "Wohl,A"]
[Black "Chapman,M AUS"]
[Result "1/2-1/2"]
[WhiteElo "2342"]
[BlackElo "2402"]

1.Nf3 d5 2.g3 Nf6 3.Bg2 c5 4.O-O Nc6 5.d4 e6 6.c4 Be7 7.Nc3 O-O 8.cxd5 exd5
9.dxc5 Bxc5 10.Bg5 d4 11.Ne4 Be7 12.Nxf6+ Bxf6 13.Bxf6 Qxf6 14.b4 a6 15.a3 Bg4
16.h3 Bf5 17.Ra2 Rad8 18.Rd2 Be4 19.Qa1 Qh6 20.Rfd1 d3 21.e3 Rfe8 22.Qc3 Rc8
23.Rc1  1/2-1/2

[Event "7th Parsvnath Open"]
[Site "New Delhi IND"]
[Date "2009.01.11"]
[Round "2"]
[White "Upadhayay,R"]
[Black "Thejkumar,M"]
[Result "0-1"]
[WhiteElo "2132"]
[BlackElo "2424"]

1.Nf3 d5 2.g3 Nf6 3.Bg2 c6 4.O-O Bg4 5.d3 Nbd7 6.Nbd2 e5 7.h3 Bh5 8.e4 Bd6
9.Qe1 O-O 10.Nh4 Re8 11.Nf5 Bf8 12.Nb3 a5 13.a4 Bg6 14.Nh4 dxe4 15.Nxg6 hxg6
16.dxe4 Nc5 17.Nxc5 Bxc5 18.Be3 Qb6 19.Bxc5 Qxc5 20.Qe2 Rad8 21.Rfd1 Qb4
22.b3 Qc3 23.Rxd8 Rxd8 24.Rd1 Rd4 25.Rxd4 Qxd4 26.Qe1 b6 27.Qe2 g5 28.Qa6 g6
29.Qc8+ Kg7 30.Qxc6 Nh5 31.c3 Qd1+ 32.Bf1 Qxb3 33.Bc4 Qd1+ 34.Kg2 g4 35.hxg4 Qxg4
36.Kh2 Qf3 37.Qxb6 Qxe4 38.Qc7 Qf5 39.Kg2 e4 40.Be2 Nf6 41.c4 Qg5 42.Qe7 Qd2
43.Kf1 Qc1+ 44.Kg2 Qb2 45.Kf1 Qa1+ 46.Kg2 Qxa4 47.Qe5 Qc2 48.Bf1 a4 49.g4 e3
50.Qxe3 Qe4+ 51.Qxe4 Nxe4  0-1